Essere singolare plurale. (Record n. 359418)
[ formato base ]
| 000 -LEADER | |
|---|---|
| fixed length control field | 02229nam0a2200325 i 4500 |
| 001 - CONTROL NUMBER | |
| control field | IT\ICCU\BMT\0023216 |
| 003 - CONTROL NUMBER IDENTIFIER | |
| control field | IT-MiSPE |
| 005 - DATE AND TIME OF LATEST TRANSACTION | |
| control field | 20220223095547.0 |
| 008 - FIXED-LENGTH DATA ELEMENTS--GENERAL INFORMATION | |
| fixed length control field | 220223b ||||| |||| 00| 0 eng d |
| 020 ## - INTERNATIONAL STANDARD BOOK NUMBER | |
| International Standard Book Number | 978-88-06-21740-2 |
| Terms of availability | 21.00 EUR |
| 040 ## - CATALOGING SOURCE | |
| Original cataloging agency | IT-MiSPE |
| Language of cataloging | ita |
| Transcribing agency | IT-MiSPE |
| 041 ## - LANGUAGE CODE | |
| Language code of text/sound track or separate title | ita |
| 082 ## - DEWEY DECIMAL CLASSIFICATION NUMBER | |
| Classification number | 128-NAN je es (axa 23315) |
| 100 ## - MAIN ENTRY--PERSONAL NAME | |
| Personal name | Nancy, Jean-Luc. |
| Dates associated with a name | 1940 |
| Relator term | autore |
| 9 (RLIN) | 59079 |
| 240 ## - UNIFORM TITLE | |
| Uniform title | Être singulier pluriel |
| Language of a work | fre |
| 245 ## - TITLE STATEMENT | |
| Title | Essere singolare plurale. |
| Statement of responsibility, etc. | Introduzione di Roberto Esposito in dialogo con Jean-Luc Nancy |
| 250 ## - EDITION STATEMENT | |
| Edition statement | Nuova edizione ampliata |
| 260 ## - PUBLICATION, DISTRIBUTION, ETC. (IMPRINT) | |
| Place of publication, distribution, etc. | Torino : |
| Name of publisher, distributor, etc. | Einaudi (Piccola Biblioteca Einaudi), |
| Date of publication, distribution, etc. | 2001 e 2020 |
| 300 ## - PHYSICAL DESCRIPTION | |
| Extent | xxv, 192 p. ; |
| Dimensions | 21 cm |
| 410 #0 - SERIES STATEMENT/ADDED ENTRY--CORPORATE NAME [OBSOLETE, CAN/MARC], [LOCAL, USA] | |
| Corporate name or jurisdiction name as entry element | Piccola biblioteca Einaudi. Nuova serie |
| Volume number/sequential designation | 744 |
| 490 ## - SERIES STATEMENT | |
| Series statement | Filosofia |
| 520 ## - SUMMARY, ETC. | |
| Summary, etc. | In questo libro Jean-Luc Nancy rivolge il proprio sguardo alla costituzione stessa della realtà – nella sua configurazione insieme singolare e plurale. Quello che la tradizione filosofica ha chiamato «essere» non è che la relazione originaria in cui le singole esistenze s’incrociano in un nodo comune. A partire da questo semplice presupposto, il testo si presenta, piú che come un trattato sistematico di ontologia, nella forma di un’interrogazione profonda e originale della nostra contemporaneità: dei suoi bagliori e delle sue rovine, dei suoi idoli e delle sue vibrazioni. Dal dispiegamento della tecnica alla società dello spettacolo, dalle antinomie della mondializzazione alla metamorfosi dei corpi, Nancy riconduce la riflessione filosofica al confronto diretto con il nostro tempo. In un mondo da cui il senso sembra essersi definitivamente ritirato, Nancy individua lo spazio aperto per una nuova modalità di pensiero, di cui il dialogo filosofico con Roberto Esposito, che apre il volume, tenta di definire le condizioni e i contorni. |
| 546 ## - LANGUAGE NOTE | |
| Language note | Traduzione di Davide Tarizzo (pp. VII-XXV e 1-108) e Graziella Durante (pp. 109-192). |
| 630 ## - SUBJECT ADDED ENTRY--UNIFORM TITLE | |
| Uniform title | Filosofia |
| Form subdivision | Antropologia filosofica |
| General subdivision | Natura dell'uomo |
| 9 (RLIN) | 59080 |
| 699 ## - LOCAL SUBJECT ADDED ENTRY--UNIFORM TITLE (RLIN) | |
| Chronological subdivision | Filosofia |
| 700 #1 - ADDED ENTRY--PERSONAL NAME | |
| Personal name | Tarizzo, Davide, |
| Relator term | tr. |
| 9 (RLIN) | 59081 |
| 700 #1 - ADDED ENTRY--PERSONAL NAME | |
| Personal name | Durante, Graziella, |
| Relator term | tr. |
| 9 (RLIN) | 59082 |
| 830 ## - SERIES ADDED ENTRY--UNIFORM TITLE | |
| Uniform title | Pensiero filosofico |
| 9 (RLIN) | 59083 |
| 942 ## - ADDED ENTRY ELEMENTS (KOHA) | |
| Source of classification or shelving scheme | Dewey Decimal Classification |
| Koha item type | LIBRO |
| Withdrawn status | Lost status | Source of classification or shelving scheme | Damaged status | Not for loan | Home library | Current library | Date acquired | Total Checkouts | Full call number | Barcode | Date last seen | Price effective from | Koha item type |
|---|---|---|---|---|---|---|---|---|---|---|---|---|---|
| Dewey Decimal Classification | Buone Condizioni | Not For Loan | CINISELLO | CINISELLO | 23/02/2022 | 128-NAN je es (axa 23315) | 9788806217402 | 23/02/2022 | 23/02/2022 | LIBRO |